000 02037nam0a2200325 i 4500
001 RU\NLR\bibl\1939732
005 20241115072335.0
010 _a9785994806876
_950
021 _aRU
_b2012-58359
_94268
021 _aRU
_b2012-90449
_96689
035 _a(NLR Aleph) 001929012
090 _a3409676
_c3409676
100 _a20120903d2011 u y0rusy50 ca
101 0 _arus
102 _aRU
105 _aa |||||||||
200 1 _aСтатистика. Статистическое изучение взаимосвязи социально-экономических явлений
_eучебное пособие
_e[для студентов начальных курсов высших учебных заведений экономических факультетов, аспирантов и преподавателей вузов]
_fГ.А. Машенцева
_gМинобрнауки России, Федер. гос. бюджет. образоват. учреждение высш. проф. образования "Волгогр. гос. техн. ун-т", Камыш. технол. ин-т (фил.) Федер. гос. бюджет. образоват. учреждения высш. проф. образования "Волгогр. гос. техн. ун-т"
210 _aВолгоград
_cВолгГТУ
_d2011
215 _a71 с.
_cил.
_d21
320 _aБиблиогр.: с. 70 (11 назв.)
517 0 _aСтатистическое изучение взаимосвязи социально-экономических явлений
606 _aЭкономика
_jУчебные издания для высших учебных заведений
_xСтатистические методы
_92127665
_3RU\NLR\auth\661284053
686 _aУ.в64я73
700 1 _aМашенцева
_bГ. А.
_gГалина Александровна
_4070
801 0 _aRU
_bNLR
_c20120903
_gRCR
801 1 _aRU
_bNLR
_c20120903
830 _aАвт. по кн.
942 _cBOOK
980 _aNBR